|
|
|
|
| LEADER |
00000nab a2200000 ar4500 |
| 001 |
vtls009343634 |
| 003 |
SK-MaSNL |
| 005 |
20260303055647.0 |
| 008 |
081007c19760628xo |r|p|||||||000 b|slo |
| 015 |
|
|
|a SNBRB1976
|
| 038 |
|
|
|a SNKBUCL
|
| 040 |
|
|
|a SNKBUCL
|b slo
|c SNKBUCL
|e AACR2
|
| 041 |
|
|
|a slo
|
| 044 |
|
|
|a xo
|c SK
|
| 080 |
|
|
|a 793.31.079
|2 1997
|
| 080 |
|
|
|a 784.4
|2 1997
|
| 245 |
0 |
0 |
|a Mladosť, krása, radosť
|c [autor] (kch)
|
| 611 |
2 |
7 |
|a Slávnosti piesní a tancov
|n (22. :
|d 1976 :
|c Svidník, Slovensko)
|2 snkbucl
|9 1051345
|
| 651 |
|
7 |
|a Svidník (Slovensko)
|2 snkbucl
|9 28309
|
| 773 |
0 |
|
|t Východoslovenské noviny
|g (28.6.1976), s. 1-2
|
| 852 |
|
|
|a SNK
|b KIS3GCP
|
| 958 |
|
|
|a SK
|
| 999 |
|
|
|c 1728321
|d 1730251
|